000 00852nam a2200277Ia 4500
003 OSt
005 20220928102059.0
006 a|||||r|||| 00| 0
007 ta
008 220927b |||||||| |||| 00| 0 eng d
020 _c2871.1637999999998
024 _a104828
037 _b488, 14/01/2010, Pioneer Book Distributors
_cTextual
040 _aSDCL
_cSDCL
_beng
041 _2eng
_aeng
082 _aX:516:(Z5), P8
100 _aJones Alison
_9396467
245 0 _aEC competition law
_b Taxes,cases and materials
250 _a3
260 _aOxford
_bOxford University Press
_c2008
300 _a1418p
_ccm.
650 _aCommerce
_9353036
700 _a Sufrin Brenda
_9396468
942 _hX:516:(Z5), P8
_cTEXL
_2CC
999 _c712199
_d712199